000
00320 a2200145 4500
001
51366
020
_a
040
_c
Anchieta - Pituba
100
_a
Mara
240
1
0
_a
2ª Português, I unidade
_l
por
245
1
0
_a
2ª Português, I unidade
300
_a
8
650
4
_a
Línguas espanhola e portuguesa
942
_c
BK
999
_c
51366
_d
51366